01486nam a22002777a 450000500170000000800410001702000150005804000070007304100120008008200220009210000270011424500530014126000330019430000300022736500280025752006180028565000240090365000170092765000340094465000290097865000340100770000290104194200120107099900190108295201070110120220715145150.0220715b ||||| |||| 00| 0 eng d a8171679382 cAL aEnglish 223a358.400bSINA aRoopinder Singh949996 aArjan Singh DFC: Marshal of the Indian Air Force aNew DelhibRupa and Coc2002 a88 p.bHBc16.5x13..5 cm. b₹95.00c₹d₹95.00 aIn April 2002, Arjun Singh, one of the legends of the Indian Air Force, was honoured with the first five star rank of Marshal of the Indian Air Force. When he strode up to the dais to receive the Marshal's baton from the President of India, it was the crowning glory of a brilliant career. From facing the Japanese during WWII, to leading the Indian Air Force during the war of 1965 - Arjan Singh and his men always ruled the skies. Then followed years of distinguished service as a diplomat and L.G. Delhi. This is the inspiring story of a leader who transformed the Air Force into a professional fighting force. aSky marshals949997 aIndia949998 aArjan Singh, 1919-2017949999 a Indian Air Force950000 aArmed Forces--Officers950001 aSINGH (Roopinder)950002 2ddccGF c223832d223832 00102ddc40708PSaALbALd2013-03-23l0o358.400 SINApGF00424r2022-07-15 00:00:00w2022-07-15yGF